00676nam a2200217 i 4500001000300000245005400003260003900057300002100096650003900117700002400156020001500180040000800195041000700203080001800210920001800228942000700246008004100253999001700294856009800311952004900409bg00aImagist poetry /cintrod. and ed. by Peter Jones. aLondon :bPenguin Book,ccop.1972. a187 s. ;c21 cm. 9aPoezja angielskaxantologiay20 w.1 aJONES, Peter.eRed. a014018368X cBPK0 aen a821.111-1"19" a0-14-018368-X cKS s pl f |000 0 pol  c37253d37253 uhttp://koha.tu.koszalin.pl/cgi-bin/koha/opac-detail.pl?biblionumber=37253yKatalog online BPK 00104070aBPKbBPKcwo53084p01480658yKS